Every Landmass of Europe - Statistics

General Stats
  • This quiz has been taken 22 times
  • The average score is 9 of 37
Answer Stats
Answer % Correct
Great Britain
95%
Iceland
90%
Ireland
90%
Sicily
81%
Corsica
76%
Cyprus
71%
Sardinia
71%
Crete
67%
Eurasia
52%
Mallorca
43%
Rhodes
38%
Zealand
33%
Gotland
24%
Lesbos
19%
Euboea
10%
Fyn
10%
Saaremaa
10%
Skye
10%
Lewis and Harris
5%
Öland
5%
Spitsbergen
5%
Tenerife
5%
Barents Island
0%
Edgeøya
0%
Graham Bell Island
0%
Hinnøya
0%
Kolguyev
0%
Nordaustlandet
0%
Senja
0%
Severny Island
0%
Soisalo
0%
Vaygach Island
0%
Vendsyssel-Thy
0%
Wilczek Land
0%
Yuzhny Island
0%
Zemlya Georga
0%
Žitný ostrov
0%
No matching quizzes found
Score Distribution
Percent of People with Each Score
Percentile by Number Answered
Your Score History
You have not taken this quiz